Construction Materials Engineering: study aid

Xehetasun bibliografikoak
Egile nagusia: Khvorova I. A. Irina Alexandrovna
Erakunde egilea: National Research Tomsk Polytechnic University (TPU)
Gaia:Scientific bases of the construction materials engineering are considered. Up-to-date technologies of parts manufacturing and assemblage are given. Engineering equipment and progressive operation methods arc shown. Methods of technical condition estimation arc also described.The manual is intended for training students majoring in the direction 15.03.01 "Mechanical engineering".
Hizkuntza:ingelesa
Argitaratua: Tomsk, Tomsk Polytechnic University Publishing House, 2015
Gaiak:
Formatua: Liburua
KOHA link:https://koha.lib.tpu.ru/cgi-bin/koha/opac-detail.pl?biblionumber=318444

MARC

LEADER 00000nam0a2200000 4500
001 318444
005 20231216190917.0
035 |a (RuTPU)RU\TPU\book\343942 
090 |a 318444 
100 |a 20160426d2015 m y0engy50 ba 
101 0 |a eng 
102 |a RU 
105 |a a j 001zy 
200 1 |a Construction Materials Engineering  |d Технология конструкционных материалов  |e study aid  |f I. A. Khvorova  |g National Research Tomsk Polytechnic University (TPU) 
210 |a Tomsk  |c Tomsk Polytechnic University Publishing House  |d 2015 
215 |a 89 p.  |c il. 
320 |a References: p. 89 
330 |a Scientific bases of the construction materials engineering are considered. Up-to-date technologies of parts manufacturing and assemblage are given. Engineering equipment and progressive operation methods arc shown. Methods of technical condition estimation arc also described.The manual is intended for training students majoring in the direction 15.03.01 "Mechanical engineering". 
510 1 |a Технология конструкционных материалов  |z rus 
606 1 |a Конструкционные материалы  |2 stltpush  |3 (RuTPU)RU\TPU\subj\15449 
610 1 |a материаловедение 
610 1 |a конструкционные металлы 
610 1 |a конструкционные композиты 
610 1 |a свойства 
610 1 |a технология 
610 1 |a применение 
610 1 |a труды учёных ТПУ 
610 1 |a учебные пособия 
610 1 |a английский язык 
675 |a 620.22(075.8)  |v 3 
700 1 |a Khvorova  |b I. A.  |c specialist in the field of materials science  |c Senior Lecturer of Tomsk Polytechnic University  |f 1954-  |g Irina Alexandrovna  |3 (RuTPU)RU\TPU\pers\34926  |9 18244 
712 0 2 |a National Research Tomsk Polytechnic University (TPU)  |3 (RuTPU)RU\TPU\col\18773 
801 1 |a RU  |b 63413507  |c 20160426 
801 2 |a RU  |b 63413507  |c 20160506  |g RCR 
942 |c BK